000 00433nam a2200157Ia 4500
008 210210b1978 xxu||||| |||| 00| 0 eng d
020 _a0 09 132121 2
082 _a530 JOHP
100 _aJOHNSON (Keith).
245 _aPhysics for you 2.
260 _aLondon
_bHutchinson & Co
_c1978
300 _a160
650 _aLight electricity magnetism nuclear physics diagrams explanatory drowings
690 _aPhysics
906 _a035004
999 _c85338
_d85338